Skip to main content
Your cart is empty.
Your lists
Log in to create your own lists
Your cookies
العربية
English
العربية
Home
Search
Advanced search
Authority search
About
The noble scholar, jurist, historian
His Excellency Dr. Abdul Wahhab bin Ibrahim Abu Sulaiman, may Allah have mercy on him.
He was born in Umm Al-Qura in the year 1356 AH.
Library catalog
Title
Author
Subject
ISBN
ISSN
Series
Call number
Log in to your account
×
Login:
Password:
Home
MARC view: معادن الذهب في الأعيان المشرفة بهم حلب /
Normal view
MARC view
ISBD view
معادن الذهب في الأعيان المشرفة بهم حلب / (Record no. 3724)
[
view plain
]
MARC details
000 -LEADER
fixed length control field
01069cam a22002651i 4500
003 - CONTROL NUMBER IDENTIFIER
control field
SA-RiAUC
005 - DATE AND TIME OF LATEST TRANSACTION
control field
20241221063904.0
008 - FIXED-LENGTH DATA ELEMENTS--GENERAL INFORMATION
fixed length control field
241217s1987 sy g 000 0cara c
040 ## - CATALOGING SOURCE
Original cataloging agency
EG-CaDAJ
Language of cataloging
ara
Transcribing agency
SA-RiAUC
Description conventions
rda
043 ## - GEOGRAPHIC AREA CODE
Geographic area code
a-sy---
082 04 - DEWEY DECIMAL CLASSIFICATION NUMBER
Classification number
920.0565
Assigning agency
SA-RiAUC
090 ## - LOCALLY ASSIGNED LC-TYPE CALL NUMBER (OCLC); LOCAL CALL NUMBER (RLIN)
Classification number (OCLC) (R) ; Classification number, CALL (RLIN) (NR)
920.0565
Local cutter number (OCLC) ; Book number/undivided call number, CALL (RLIN)
ع ر ض
100 1# - MAIN ENTRY--PERSONAL NAME
Personal name
العرضي، عمر بن عبد الوهاب بن إبراهيم،
Dates associated with a name
950-1024 هجري
Relator term
مؤلف.
245 10 - TITLE STATEMENT
Title
معادن الذهب في الأعيان المشرفة بهم حلب /
Statement of responsibility, etc.
أبو الوفا بن عمر بن عبد الوهاب العرضي ؛ تحقيق محمد التونجي.
250 ## - EDITION STATEMENT
Edition statement
الطبعة الأولى.
264 #1 - PRODUCTION, PUBLICATION, DISTRIBUTION, MANUFACTURE, AND COPYRIGHT NOTICE
Place of production, publication, distribution, manufacture
[دمشق] :
Name of producer, publisher, distributor, manufacturer
دار الملاح،
Date of production, publication, distribution, manufacture, or copyright notice
1987
300 ## - PHYSICAL DESCRIPTION
Extent
392 صفحة
336 ## - CONTENT TYPE
Content type term
نص
Content type code
txt
Source
rdacontent
Materials specified
كتاب
337 ## - MEDIA TYPE
Media type term
بدون وسيط
Media type code
n
Source
rdamedia
338 ## - CARRIER TYPE
Carrier type term
مجلد
Carrier type code
nc
Source
rdacarrier
651 #7 - SUBJECT ADDED ENTRY--GEOGRAPHIC NAME
Geographic name
حلب (سوريا)
Form subdivision
تراجم
Source of heading or term
aucsh
700 1# - ADDED ENTRY--PERSONAL NAME
Personal name
التونجي، محمد،
Dates associated with a name
1933-
Relator term
محقق.
942 ## - ADDED ENTRY ELEMENTS (KOHA)
Source of classification or shelving scheme
Dewey Decimal Classification
Koha item type
Books
Suppress in OPAC
No
949 ## - LOCAL PROCESSING INFORMATION (OCLC)
a
SA-JeALM
d
241217
u
osman123
n
1
Holdings
Withdrawn status
Lost status
Source of classification or shelving scheme
Damaged status
Not for loan
Home library
Current library
Date acquired
Total checkouts
Full call number
Barcode
Date last seen
Price effective from
Koha item type
Dewey Decimal Classification
DR AbdElwahab Library
DR AbdElwahab Library
12/21/2024
920.0565 ع ر ض
000005872
12/21/2024
12/21/2024
Books
Place hold
Print
Add to your cart
(remove)
Save record
BIBTEX
Dublin Core
MARCXML
MARC (non-Unicode/MARC-8)
MARC (Unicode/UTF-8)
MARC (Unicode/UTF-8, Standard)
MODS (XML)
RIS
ISBD
More searches
Search for this title in:
Other Libraries (WorldCat)
Other Databases (Google Scholar)
Online Stores (Bookfinder.com)
Open Library (openlibrary.org)
Exporting to Dublin Core...
×
Simple DC-RDF
OAI-DC
SRW-DC